[Event "EST-ch (Women)"]
[Site "Tallinn"]
[Date "2020.08.12"]
[Round "5"]
[White "Bashkite, Viktoria"]
[Black "Tonso, Liina"]
[Result "0-1"]
[WhiteElo "2186"]
[BlackElo "1858"]
[PlyCount "90"]
[EventDate "2020.08.08"]
[EventType "tourn"]
[EventRounds "9"]
[EventCountry "EST"]
[SourceTitle "CBM 197 Extra"]
[Source "ChessBase"]
[SourceDate "2020.09.30"]
[SourceVersion "1"]
[SourceVersionDate "2020.09.30"]
[SourceQuality "1"]

1. c4 c6 2. Nf3 d5 3. b3 Nf6 4. Bb2 Bf5 5. d3 e6 6. Nbd2 Bd6 7. g3 Nbd7 8. Bg2 h6 9. 0-0 0-0 10. Nd4 Bh7 11. e4 Nc5 12. Qe2 e5 13. Nf5 Bxf5 14. exf5 Re8 15. Nf3 e4 16. dxe4 dxe4 17. Ne1 Be5 18. Rd1 Qc7 19. b4 Na4 20. Bxe5 Qxe5 21. Qc2 Nb6 22. Qb3 Qxf5 23. Nc2 Qe6 24. Ne3 Rad8 25. a4 Ng4 26. Nxg4 Qxg4 27. a5 Nd7 28. f3 exf3 29. Bxf3 Qg6 30. c5 Ne5 31. Bg2 Ng4 32. Rd6 Rxd6 33. cxd6 Rd8 34. a6 bxa6 35. Bxc6 Rxd6 36. Bd5 Rf6 37. Re1 Qh5 38. Qc2 g6 39. Bxf7+ Rxf7 40. Re8+ Kh7 41. Qb2 Nf6 42. Rd8 Qf5 43. Qd4 Re7 44. Qd2 Qb1+ 45. Kg2 Qe4+ 0-1

[Event "EST-ch (Women)"]
[Site "Tallinn"]
[Date "2020.08.11"]
[Round "4"]
[White "Tonso, Liina"]
[Black "Narva, Mai"]
[Result "0-1"]
[WhiteElo "1858"]
[BlackElo "2313"]
[PlyCount "92"]
[EventDate "2020.08.08"]
[EventType "tourn"]
[EventRounds "9"]
[EventCountry "EST"]
[SourceTitle "CBM 197 Extra"]
[Source "ChessBase"]
[SourceDate "2020.09.30"]
[SourceVersion "1"]
[SourceVersionDate "2020.09.30"]
[SourceQuality "1"]

1. d4 Nf6 2. c4 e6 3. Nf3 Bb4+ 4. Nc3 Ne4 5. Qc2 d5 6. a3 Bxc3+ 7. bxc3 0-0 8. e3 Nd7 9. cxd5 exd5 10. Bd3 Ndf6 11. c4 c5 12. 0-0 Be6 13. Bb2 Rc8 14. Rac1 h6 15. Ne5 Nd6 16. Qe2 cxd4 17. Bxd4 Qa5 18. cxd5 Nxd5 19. Qb2 Nb6 20. Qb4 Qxb4 21. axb4 Rfd8 22. Bxb6 axb6 23. Nf3 b5 24. Nd4 Bc4 25. Bf5 Ra8 26. Rfd1 g6 27. Bg4 Ra4 28. Rb1 Ne4 29. Rdc1 Ra2 30. Bf3 Nxf2 31. Bxb7 Ng4 32. Re1 Re8 33. e4 Ne5 34. Ra1 Rb2 35. Nc6 Nd3 36. Re3 Nf4 37. g3 Nh3+ 38. Kh1 Nf2+ 39. Kg1 Ng4 40. Rea3 Rxe4 41. Na5 Rd4 42. Nxc4 bxc4 43. h3 Nf2 44. R3a2 Nxh3+ 45. Kf1 Rxb4 46. Bg2 Ng5 0-1

[Event "Keres Memorial (Women)"]
[Site "Tallinn"]
[Date "2020.07.29"]
[Round "5"]
[White "Tonso, Liina"]
[Black "Kiolbasa, Oliwia"]
[Result "0-1"]
[WhiteElo "1862"]
[BlackElo "2160"]
[PlyCount "78"]
[EventDate "2020.07.27"]
[EventType "tourn"]
[EventRounds "9"]
[EventCountry "EST"]
[SourceTitle "CBM 197 Extra"]
[Source "ChessBase"]
[SourceDate "2020.09.30"]
[SourceVersion "1"]
[SourceVersionDate "2020.09.30"]
[SourceQuality "1"]

1. d4 d5 2. c4 dxc4 3. e3 Nf6 4. Bxc4 g6 5. Nc3 Bg7 6. Nf3 0-0 7. 0-0 Ne8 8. b4 Nd6 9. Bb3 Nc6 10. a3 e5 11. dxe5 Nxe5 12. Nxe5 Bxe5 13. Bb2 c6 14. Qe2 Qe7 15. Na4 Ne4 16. Bxe5 Qxe5 17. f3 Nc3 18. Qf2 Nxa4 19. Bxa4 a5 20. Qe1 axb4 21. axb4 Re8 22. e4 b5 23. Bb3 Qd4+ 24. Kh1 Rxa1 25. Qxa1 Qxb4 26. Qa2 Qe7 27. Rc1 c5 28. Bd5 c4 29. Qa5 Bd7 30. Qb6 Kg7 31. h3 Rc8 32. Qd4+ Kg8 33. e5 Be6 34. Be4 Qc5 35. Qd2 Qxe5 36. Qb4 Qc5 37. Qd2 c3 38. Qe2 b4 39. f4 b3 0-1

[Event "EU-ch U18 Girls"]
[Site "Bratislava"]
[Date "2019.08.10"]
[Round "9"]
[White "Tonso, Liina"]
[Black "Manova, Ivana"]
[Result "1-0"]
[WhiteElo "1711"]
[BlackElo "1841"]
[PlyCount "71"]
[EventDate "2019.08.02"]
[EventType "swiss"]
[EventRounds "9"]
[EventCountry "SVK"]
[SourceTitle "CBM 191 Extra"]
[Source "ChessBase"]
[SourceDate "2019.09.30"]
[SourceVersion "1"]
[SourceVersionDate "2019.09.30"]
[SourceQuality "1"]

1. d4 Nf6 2. c4 e6 3. Nf3 d5 4. cxd5 exd5 5. Nc3 c6 6. Qc2 Be7 7. Bf4 Nbd7 8. h3 0-0 9. e3 Re8 10. Bd3 Nf8 11. g4 Qa5 12. Ne5 N6d7 13. g5 Nxe5 14. dxe5 g6 15. Kf1 Ne6 16. h4 Nc5 17. h5 Nxd3 18. Qxd3 Bf5 19. Qd4 Bc5 20. Qd1 Qb4 21. hxg6 hxg6 22. Kg2 Qxb2 23. Ne2 Kg7 24. Ng3 Bc2 25. Qg4 d4 26. Rh7+ Kxh7 27. Qh4+ Kg8 28. Rh1 Kf8 29. Qh8+ Ke7 30. Qf6+ Kd7 31. Qxf7+ Kd8 32. e6 Be7 33. Qxe8+ Kxe8 34. Rh8+ Bf8 35. Bd6 Be4+ 36. Nxe4 1-0

[Event "EU-ch U18 Girls"]
[Site "Bratislava"]
[Date "2019.08.03"]
[Round "2"]
[White "Tonso, Liina"]
[Black "Nilssen, Ellen Fredericia"]
[Result "0-1"]
[WhiteElo "1711"]
[BlackElo "2140"]
[PlyCount "56"]
[EventDate "2019.08.02"]
[EventType "swiss"]
[EventRounds "9"]
[EventCountry "SVK"]
[SourceTitle "CBM 191 Extra"]
[Source "ChessBase"]
[SourceDate "2019.09.30"]
[SourceVersion "1"]
[SourceVersionDate "2019.09.30"]
[SourceQuality "1"]

1. d4 Nf6 2. c4 g6 3. Nc3 d5 4. cxd5 Nxd5 5. Bd2 Bg7 6. e4 Nxc3 7. Bxc3 0-0 8. Qd2 Nd7 9. Nf3 c5 10. d5 Nf6 11. Bd3 a6 12. a4 Bd7 13. a5 Bb5 14. 0-0 e6 15. Bxf6 Bxf6 16. e5 Bg7 17. d6 Bc6 18. Qe3 Bxf3 19. gxf3 Qh4 20. b3 Bh6 21. Qxc5 Bf4 22. Rfe1 Qh3 23. Qc2 Bxh2+ 24. Kh1 Bxe5+ 25. Kg1 Bh2+ 26. Kh1 Bxd6+ 27. Kg1 Bh2+ 28. Kh1 Be5+ 0-1

[Event "Wch U18 Girls"]
[Site "Porto Carras"]
[Date "2018.10.30"]
[Round "11.36"]
[White "Manriquez Abarzua, Maria Belen"]
[Black "Tonso, Liina"]
[Result "1-0"]
[WhiteElo "1630"]
[BlackElo "1805"]
[PlyCount "115"]
[EventDate "2018.10.20"]
[EventType "swiss"]
[EventRounds "11"]
[EventCountry "GRE"]
[SourceTitle "CBM 187 Extra"]
[Source "ChessBase"]
[SourceDate "2018.11.04"]
[SourceVersion "1"]
[SourceVersionDate "2018.11.04"]
[SourceQuality "1"]

1. e4 c5 2. Nf3 a6 3. d4 cxd4 4. Nxd4 e5 5. Nb3 Nf6 6. Nc3 Bb4 7. Bd3 0-0 8. 0-0 d6 9. Bg5 Bxc3 10. bxc3 h6 11. Bc1 d5 12. exd5 Nxd5 13. Qe1 Qc7 14. c4 Nf6 15. Bb2 Re8 16. Qc3 Nc6 17. Rfe1 Bd7 18. Nc5 Qb6 19. Nxd7 Nxd7 20. Rab1 Qb4 21. Be4 Qxc3 22. Bxc3 Rab8 23. h3 g6 24. Bxc6 bxc6 25. Rbd1 Rb7 26. Rd6 Re6 27. Red1 Rxd6 28. Rxd6 Kf8 29. Rxc6 Rb1+ 30. Kh2 Rc1 31. Bb4+ Kg7 32. Rd6 Nf8 33. Rd2 Ne6 34. Bc3 Nd4 35. f4 Rxc2 36. Rxc2 Nxc2 37. Bxe5+ Kf8 38. Bd6+ Ke8 39. g4 Kd7 40. Bf8 Ne3 41. Bxh6 Nxc4 42. Kg3 Ke7 43. h4 Nd6 44. Kf3 Nb5 45. h5 gxh5 46. gxh5 f6 47. Bg7 Kf7 48. h6 Nd4+ 49. Ke4 Ne6 50. f5 Nc7 51. a4 Ne8 52. Kd5 Kg8 53. Ke6 Nxg7+ 54. hxg7 Kxg7 55. a5 Kg8 56. Kxf6 Kf8 57. Ke6 Ke8 58. f6 1-0

[Event "Wch U18 Girls"]
[Site "Porto Carras"]
[Date "2018.10.27"]
[Round "8"]
[White "Tonso, Liina"]
[Black "Nass, Sara"]
[Result "1-0"]
[WhiteElo "1805"]
[BlackElo "1986"]
[PlyCount "65"]
[EventDate "2018.10.20"]
[EventType "swiss"]
[EventRounds "11"]
[EventCountry "GRE"]
[SourceTitle "CBM 187 Extra"]
[Source "ChessBase"]
[SourceDate "2018.11.04"]
[SourceVersion "1"]
[SourceVersionDate "2018.11.04"]
[SourceQuality "1"]

1. c4 e5 2. Nc3 Nf6 3. Nf3 Nc6 4. g3 d5 5. cxd5 Nxd5 6. Bg2 Be6 7. 0-0 Be7 8. d4 Nxc3 9. bxc3 e4 10. Nd2 f5 11. e3 0-0 12. c4 Na5 13. Qc2 c6 14. f3 exf3 15. Bxf3 Rc8 16. a4 b6 17. Bb2 Qe8 18. Qd3 c5 19. d5 Bd7 20. e4 Bf6 21. Bc3 Bxc3 22. Qxc3 fxe4 23. Bxe4 Rxf1+ 24. Rxf1 Bxa4 25. Qd3 Qh5 26. Bf5 Re8 27. Be6+ Kh8 28. Bf7 Qe2 29. Bxe8 Qxe8 30. Ne4 Nb7 31. Ng5 g6 32. Ne6 Kg8 33. Qf3 1-0

[Event "Wch U18 Girls"]
[Site "Porto Carras"]
[Date "2018.10.26"]
[Round "7"]
[White "Li, Yilin"]
[Black "Tonso, Liina"]
[Result "1/2-1/2"]
[WhiteElo "1993"]
[BlackElo "1805"]
[PlyCount "70"]
[EventDate "2018.10.20"]
[EventType "swiss"]
[EventRounds "11"]
[EventCountry "GRE"]
[SourceTitle "CBM 187 Extra"]
[Source "ChessBase"]
[SourceDate "2018.11.04"]
[SourceVersion "1"]
[SourceVersionDate "2018.11.04"]
[SourceQuality "1"]

1. e4 e6 2. d4 d5 3. exd5 exd5 4. Bd3 Nf6 5. Bf4 Be7 6. Nf3 0-0 7. 0-0 c5 8. c3 Nc6 9. h3 Qb6 10. dxc5 Bxc5 11. b4 Be7 12. a3 h6 13. Re1 Re8 14. Ra2 Bd7 15. Rae2 Bf8 16. Nbd2 Rxe2 17. Rxe2 a5 18. Ne5 axb4 19. axb4 Be6 20. Nb3 Rd8 21. Be3 Qc7 22. Nxc6 Qxc6 23. Bd4 Nd7 24. Ra2 b6 25. Qa1 Be7 26. Ra7 Bf6 27. Bxf6 Nxf6 28. Nd4 Qd6 29. Qa6 Ne4 30. Nb5 Qf4 31. Qxb6 Qc1+ 32. Kh2 Qf4+ 33. Kg1 Qc1+ 34. Kh2 Qf4+ 35. Kg1 Qc1+ 1/2-1/2

[Event "EU-ch U16 Girls 27th"]
[Site "Mamaia"]
[Date "2017.09.09"]
[Round "5"]
[White "Sharku, Enesa"]
[Black "Tonso, Liina"]
[Result "0-1"]
[WhiteElo "1174"]
[BlackElo "1816"]
[PlyCount "52"]
[EventDate "2017.09.05"]
[EventType "swiss"]
[EventRounds "9"]
[EventCountry "ROU"]
[SourceTitle "EXT 2018"]
[Source "ChessBase"]
[SourceDate "2017.10.13"]
[SourceVersion "1"]
[SourceVersionDate "2017.10.13"]
[SourceQuality "1"]

1. e4 c5 2. Nf3 e6 3. d4 cxd4 4. Nxd4 a6 5. Nc3 b5 6. a3 Bb7 7. Be3 Qc7 8. Be2 Nf6 9. Qd3 Be7 10. 0-0 0-0 11. f4 d5 12. e5 Nfd7 13. Bg4 Nc5 14. Qd2 Nc6 15. Nxc6 Bxc6 16. Bd4 g6 17. Qf2 Ne4 18. Nxe4 dxe4 19. Bc5 Bd5 20. Bxe7 Qxe7 21. Rad1 Qb7 22. Qg3 Qb6+ 23. Kh1 Kh8 24. Qf2 Qc6 25. c3 a5 26. h3 Rab8 0-1

[Event "EST-chW/U20 Girls"]
[Site "Tallinn"]
[Date "2017.08.06"]
[Round "7"]
[White "Olde, Grete"]
[Black "Tonso, Liina"]
[Result "0-1"]
[WhiteElo "1854"]
[BlackElo "1780"]
[PlyCount "84"]
[EventDate "2017.08.01"]
[EventType "tourn"]
[EventRounds "7"]
[EventCountry "EST"]
[SourceTitle "CBM 180 Extra"]
[Source "ChessBase"]
[SourceDate "2017.10.06"]
[SourceVersion "1"]
[SourceVersionDate "2017.10.06"]
[SourceQuality "1"]

1. e4 c6 2. d4 d5 3. e5 c5 4. c3 Nc6 5. Nf3 Bg4 6. Be2 e6 7. 0-0 Bxf3 8. Bxf3 cxd4 9. cxd4 Qb6 10. Be3 Nge7 11. Qd2 Nf5 12. Rd1 Na5 13. b3 Bb4 14. Qd3 Rc8 15. a3 Be7 16. Nd2 0-0 17. b4 Nc4 18. Nxc4 dxc4 19. Qe4 Rc7 20. Bc1 Nh4 21. Be3 Nxf3+ 22. Qxf3 Qc6 23. Qg4 Rd8 24. Rdc1 b5 25. Rc3 a5 26. Rb1 axb4 27. axb4 Ra8 28. Bd2 Ra2 29. Rg3 g6 30. Bc3 Rca7 31. h4 h5 32. Qxh5 Qe4 33. Re1 Qxh4 34. Qf3 R7a3 35. Rc1 Bxb4 36. Rh3 Qg5 37. Qd1 Bxc3 38. Rhxc3 Rxc3 39. Rxc3 Qd2 40. Qf3 Ra1+ 41. Kh2 Qh6+ 42. Kg3 Qg5+ 0-1

[Event "EST-ch U16 Girls"]
[Site "Tallinn"]
[Date "2016.05.21"]
[Round "5"]
[White "Tonso, Liina"]
[Black "Olde, Grete"]
[Result "1-0"]
[WhiteElo "1654"]
[BlackElo "1625"]
[PlyCount "159"]
[EventDate "2016.05.19"]
[EventType "swiss"]
[EventRounds "7"]
[EventCountry "EST"]
[SourceTitle "EXT 2018"]
[Source "ChessBase"]
[SourceDate "2017.10.13"]
[SourceVersion "1"]
[SourceVersionDate "2017.10.13"]
[SourceQuality "1"]

1. d4 d5 2. c4 e6 3. Nc3 Nf6 4. cxd5 exd5 5. Bg5 Be7 6. Qc2 Nbd7 7. e3 0-0 8. Bd3 c6 9. Nge2 Re8 10. 0-0-0 h6 11. Bh4 Ne4 12. Bxe7 Qxe7 13. Nf4 Ndf6 14. Rhe1 Nxc3 15. Qxc3 Ne4 16. Qc2 Qh4 17. f3 Nf2 18. Bh7+ Kf8 19. g3 Qxh2 20. Rf1 Qxg3 21. Qxf2 Qxf2 22. Rxf2 g6 23. Bxg6 fxg6 24. Nxg6+ Kg7 25. Ne5 Bf5 26. Rg1+ Kh7 27. Rh2 Re6 28. Nf7 Rg6 29. Rgh1 Rag8 30. Rxh6+ Kg7 31. Nd6 Rf8 32. Rh7+ Kf6 33. e4 dxe4 34. fxe4 Rg1+ 35. Rxg1 Bxh7 36. Rf1+ Ke7 37. Rxf8 Kxf8 38. e5 b5 39. b4 Bg8 40. a3 Ke7 41. Kd2 Ke6 42. Ne8 Ke7 43. Nf6 Ba2 44. Ke3 Ke6 45. Kf4 Bb3 46. Kg5 Bc2 47. Kf4 Bb1 48. Ke3 Bc2 49. Nh5 Bb3 50. Nf4+ Kf5 51. Nd3 Bc4 52. Nc5 Ba2 53. a4 bxa4 54. Nxa4 Bb3 55. Nc5 Bc4 56. Kd2 Ba2 57. Kc3 Bd5 58. Nb7 Ke6 59. Nd6 Kd7 60. Kb2 Bf3 61. Ka3 Bd1 62. b5 Bg4 63. Kb4 cxb5 64. Kxb5 Ke6 65. Kc5 Bf3 66. Nb5 a5 67. Nc3 Kd7 68. Kb5 a4 69. Kxa4 Kc6 70. Kb4 Bg2 71. Kb3 Bf3 72. Kc4 Bg2 73. d5+ Kd7 74. Kc5 Bh3 75. Ne4 Bf5 76. Ng5 Bg4 77. e6+ Ke7 78. d6+ Kf6 79. d7 Ke7 80. Nf7 1-0

[Event "EST-ch U16 Girls"]
[Site "Tallinn"]
[Date "2016.05.20"]
[Round "3"]
[White "Olde, Margareth"]
[Black "Tonso, Liina"]
[Result "1-0"]
[WhiteElo "1993"]
[BlackElo "1654"]
[PlyCount "129"]
[EventDate "2016.05.19"]
[EventType "swiss"]
[EventRounds "7"]
[EventCountry "EST"]
[SourceTitle "EXT 2018"]
[Source "ChessBase"]
[SourceDate "2017.10.13"]
[SourceVersion "1"]
[SourceVersionDate "2017.10.13"]
[SourceQuality "1"]

1. Nf3 d5 2. d4 Nf6 3. c4 c6 4. e3 a6 5. Qc2 Bg4 6. Ne5 e6 7. Nxg4 Nxg4 8. Be2 Nf6 9. 0-0 Be7 10. b3 0-0 11. Bb2 b5 12. Nd2 Nbd7 13. e4 Nb6 14. e5 Nfd7 15. cxb5 cxb5 16. f4 Ra7 17. f5 Rc7 18. Qd3 Qb8 19. fxe6 fxe6 20. Qh3 Rxf1+ 21. Rxf1 Nf8 22. Bd3 Rb7 23. Nb1 Qe8 24. Nc3 Bd8 25. Ne2 Rf7 26. Nf4 Bg5 27. Bc1 Qd7 28. Qg3 Bd8 29. Bd2 Nc8 30. Bb4 Ne7 31. Bc5 Nf5 32. Qh3 g6 33. Be2 Be7 34. Nd3 Bg5 35. Kh1 Ne3 36. Rf3 Nf5 37. Qg4 Bd8 38. Bxf8 Rxf8 39. Nc5 Qc6 40. Bd3 Ng7 41. Rxf8+ Kxf8 42. b4 Be7 43. Qe2 Nf5 44. Bxf5 gxf5 45. Qe3 Kg7 46. h3 h6 47. Qf3 Bg5 48. g4 fxg4 49. Qxg4 Kf7 50. h4 Bd8 51. Kh2 Be7 52. Kh3 a5 53. bxa5 Bxc5 54. Qf3+ Kg7 55. Qc3 Qe8 56. dxc5 Qf7 57. Qd3 Qc7 58. Qg3+ Kf7 59. Qf4+ Ke8 60. Qf6 Qxc5 61. Qxe6+ Kd8 62. Qd6+ Qxd6 63. exd6 d4 64. a6 Kc8 65. a7 1-0

[Event "EST-ch U16 Girls"]
[Site "Tallinn"]
[Date "2016.05.19"]
[Round "1"]
[White "Sild, Marta Pauliine"]
[Black "Tonso, Liina"]
[Result "0-1"]
[WhiteElo "1331"]
[BlackElo "1654"]
[PlyCount "50"]
[EventDate "2016.05.19"]
[EventType "swiss"]
[EventRounds "7"]
[EventCountry "EST"]
[SourceTitle "EXT 2018"]
[Source "ChessBase"]
[SourceDate "2017.10.13"]
[SourceVersion "1"]
[SourceVersionDate "2017.10.13"]
[SourceQuality "1"]

1. e4 c5 2. Nf3 d6 3. d4 cxd4 4. Nxd4 Nf6 5. Nc3 g6 6. Bc4 Bg7 7. 0-0 Nc6 8. Nde2 0-0 9. a3 Bd7 10. Be3 Ng4 11. Bc1 Rc8 12. Ba2 Nce5 13. h3 Nf6 14. Ng3 Nc4 15. Nce2 b5 16. Nd4 Qb6 17. c3 Qb7 18. Re1 Rfe8 19. Bxc4 Rxc4 20. Qd3 e5 21. Nf3 d5 22. exd5 e4 23. Nxe4 Rcxe4 24. Rxe4 Rxe4 25. Be3 a6 0-1

[Event "EST-ch U18 Girls"]
[Site "Narva"]
[Date "2016.04.15"]
[Round "4"]
[White "Narva, Mai"]
[Black "Tonso, Liina"]
[Result "1-0"]
[WhiteElo "2129"]
[BlackElo "1635"]
[PlyCount "81"]
[EventDate "2016.04.14"]
[EventType "swiss"]
[EventRounds "7"]
[EventCountry "EST"]
[SourceTitle "EXT 2018"]
[Source "ChessBase"]
[SourceDate "2017.10.13"]
[SourceVersion "1"]
[SourceVersionDate "2017.10.13"]
[SourceQuality "1"]

1. e4 c6 2. Nf3 d5 3. Nc3 Bg4 4. h3 Bxf3 5. Qxf3 e6 6. d4 Nf6 7. Bd3 Be7 8. 0-0 Qb6 9. e5 Nfd7 10. Qg4 g6 11. Na4 Qa5 12. b3 c5 13. Nxc5 Nxc5 14. dxc5 Bxc5 15. Bh6 Nc6 16. Qh4 Be7 17. Qg3 0-0-0 18. a3 Kb8 19. b4 Qc7 20. Rfe1 Nd4 21. Bd2 Qd7 22. Qf4 Nf5 23. Red1 Ka8 24. a4 f6 25. c4 fxe5 26. Qxe5 Bd6 27. Qb2 dxc4 28. Bxf5 exf5 29. Bf4 Be5 30. Qxe5 Qxd1+ 31. Rxd1 Rxd1+ 32. Kh2 Rhd8 33. Qc7 R1d7 34. Qxc4 Rd4 35. Qc7 R4d7 36. Qc2 Rd4 37. Bg5 Re8 38. Qc5 Rde4 39. Be3 b6 40. Qc6+ Kb8 41. Bf4+ 1-0

[Event "Viljandi Raud Memorial 49th"]
[Site "Viljandi"]
[Date "2015.07.01"]
[Round "4"]
[White "Petrov, Dmitri"]
[Black "Tonso, Liina"]
[Result "1-0"]
[WhiteElo "2083"]
[BlackElo "1605"]
[PlyCount "55"]
[EventDate "2015.06.29"]
[EventType "swiss"]
[EventRounds "9"]
[EventCountry "EST"]
[SourceTitle "CBM 167 Extra"]
[Source "ChessBase"]
[SourceDate "2015.09.14"]
[SourceVersion "1"]
[SourceVersionDate "2015.09.14"]
[SourceQuality "1"]

1. e4 c6 2. c4 d5 3. exd5 cxd5 4. cxd5 Qxd5 5. Nc3 Qa5 6. Bc4 e6 7. Nf3 Nf6 8. 0-0 Nc6 9. d4 Be7 10. a3 0-0 11. Be3 a6 12. b4 Qd8 13. Qb3 b5 14. Be2 Bb7 15. Rfd1 Qc7 16. Rac1 Rac8 17. Ng5 Rfd8 18. Bf3 Qb8 19. d5 exd5 20. Nxd5 Rf8 21. Rxc6 Nxd5 22. Rxc8 Qxc8 23. Bxd5 Bxd5 24. Qxd5 h6 25. Nf3 Rd8 26. Qb3 Bf6 27. Rxd8+ Qxd8 28. g3 1-0

[Event "EST-ch (Women)"]
[Site "Tallinn"]
[Date "2015.05.17"]
[Round "10"]
[White "Olde, Margareth"]
[Black "Tonso, Liina"]
[Result "1-0"]
[WhiteElo "1888"]
[BlackElo "1580"]
[PlyCount "51"]
[EventDate "2015.05.12"]
[EventType "tourn"]
[EventRounds "10"]
[EventCountry "EST"]
[SourceTitle "CBM 166 Extra"]
[Source "ChessBase"]
[SourceDate "2015.06.18"]
[SourceVersion "1"]
[SourceVersionDate "2015.06.18"]
[SourceQuality "1"]

1. c4 Nf6 2. g3 d5 3. Bg2 g6 4. Nf3 Bg7 5. 0-0 0-0 6. cxd5 Nxd5 7. d4 Nd7 8. e4 N5b6 9. Nc3 c5 10. d5 Ne5 11. Nxe5 Bxe5 12. Bh6 Re8 13. Qc1 f5 14. Rd1 a6 15. Kh1 fxe4 16. Nxe4 c4 17. f4 Bh8 18. d6 Bf5 19. Bg5 Qc8 20. dxe7 Qc7 21. Nd6 Reb8 22. e8Q+ Rxe8 23. Nxe8 Rxe8 24. Qd2 Nd7 25. Bd5+ Kf8 26. Re1 1-0

[Event "EST-ch (Women)"]
[Site "Tallinn"]
[Date "2015.05.15"]
[Round "7"]
[White "Tonso, Liina"]
[Black "Viikmaa, Karmen"]
[Result "1-0"]
[WhiteElo "1580"]
[BlackElo "1684"]
[PlyCount "37"]
[EventDate "2015.05.12"]
[EventType "tourn"]
[EventRounds "10"]
[EventCountry "EST"]
[SourceTitle "CBM 166 Extra"]
[Source "ChessBase"]
[SourceDate "2015.06.18"]
[SourceVersion "1"]
[SourceVersionDate "2015.06.18"]
[SourceQuality "1"]

1. e4 c5 2. Nf3 d6 3. d4 cxd4 4. Nxd4 Nf6 5. Nc3 a6 6. Be2 e6 7. 0-0 Be7 8. Kh1 0-0 9. f4 Qc7 10. Be3 b6 11. Bf3 Bb7 12. Qe1 Nbd7 13. Rd1 Rac8 14. g4 Ne8 15. g5 Kh8 16. Qh4 Rg8 17. Rg1 Nf8 18. Rg3 Ng6 19. Qxh7+ 1-0

[Event "EST-ch (Women)"]
[Site "Tallinn"]
[Date "2015.05.13"]
[Round "2"]
[White "Viikmaa, Karmen"]
[Black "Tonso, Liina"]
[Result "1-0"]
[WhiteElo "1684"]
[BlackElo "1580"]
[PlyCount "39"]
[EventDate "2015.05.12"]
[EventType "tourn"]
[EventRounds "10"]
[EventCountry "EST"]
[SourceTitle "CBM 166 Extra"]
[Source "ChessBase"]
[SourceDate "2015.06.18"]
[SourceVersion "1"]
[SourceVersionDate "2015.06.18"]
[SourceQuality "1"]

1. e4 c5 2. Nf3 d6 3. d4 cxd4 4. Nxd4 Nf6 5. Nc3 g6 6. Be3 Bg7 7. Qd2 h5 8. f3 Nc6 9. 0-0-0 Bd7 10. Kb1 Rc8 11. h4 Ne5 12. Bg5 Nc4 13. Bxc4 Rxc4 14. Rhe1 Qc7 15. Bxf6 exf6 16. Ndb5 Qc6 17. Nxd6+ Ke7 18. Nxc4 Be6 19. Qd6+ Qxd6 20. Nxd6 1-0

[Event "EST-ch U18 Girls"]
[Site "Tallinn"]
[Date "2015.03.21"]
[Round "5"]
[White "Olde, Margareth"]
[Black "Tonso, Liina"]
[Result "1-0"]
[WhiteElo "1862"]
[BlackElo "1495"]
[PlyCount "93"]
[EventDate "2015.03.19"]
[EventType "swiss"]
[EventRounds "7"]
[EventCountry "EST"]
[SourceTitle "EXT 2018"]
[Source "ChessBase"]
[SourceDate "2017.10.13"]
[SourceVersion "1"]
[SourceVersionDate "2017.10.13"]
[SourceQuality "1"]

1. c4 e6 2. g3 d5 3. Bg2 c5 4. Nf3 Nc6 5. b3 d4 6. d3 Nf6 7. 0-0 Bd6 8. Na3 0-0 9. Rb1 e5 10. Nc2 Ne8 11. a3 a5 12. Bd2 Qe7 13. e4 Bd7 14. Qe1 Nf6 15. b4 axb4 16. axb4 b6 17. b5 Nd8 18. Ra1 Ne6 19. Qe2 Rfb8 20. Nh4 Qd8 21. Nf5 Bc7 22. f4 Rxa1 23. Rxa1 exf4 24. e5 Ne8 25. gxf4 Nxf4 26. Nh6+ gxh6 27. Bxf4 Be6 28. Rf1 Qh4 29. Bg3 Qg5 30. Ne1 Ng7 31. Nf3 Qg4 32. Be1 Kh8 33. Kh1 Rg8 34. Bh4 Nh5 35. Rg1 Qf5 36. Qd2 Rg6 37. Be1 Qg4 38. Nh4 Rg5 39. Nf3 Rg6 40. Nh4 Rg8 41. Nf3 Qf5 42. Bh4 Qg6 43. Bh3 Ng3+ 44. Rxg3 Qh5 45. Bf6+ Rg7 46. Bxg7+ Kg8 47. Bxe6 1-0

[Event "EU Union-ch U13 12th"]
[Site "Mureck"]
[Date "2014.08.06"]
[Round "8"]
[White "Urh, Zala"]
[Black "Tonso, Liina"]
[Result "1-0"]
[WhiteElo "1621"]
[BlackElo "1491"]
[PlyCount "113"]
[EventDate "2014.07.30"]
[EventType "swiss"]
[EventRounds "9"]
[EventCountry "AUT"]
[SourceTitle "CBM 161 Extra"]
[Source "ChessBase"]
[SourceDate "2014.08.29"]
[SourceVersion "1"]
[SourceVersionDate "2014.08.29"]
[SourceQuality "1"]

1. Nf3 d5 2. d4 Nf6 3. c4 c6 4. cxd5 cxd5 5. g3 Bf5 6. Nc3 e6 7. Bg2 Nc6 8. a3 Be7 9. 0-0 0-0 10. Bf4 Rc8 11. Rc1 Na5 12. Ne5 Nc4 13. Nxc4 Rxc4 14. Be5 Qd7 15. Qd2 Rfc8 16. Bxf6 Bxf6 17. e3 h6 18. Rfe1 Qd8 19. Bf1 R4c6 20. Na4 b6 21. Rxc6 Rxc6 22. Rc1 Qd7 23. Nc3 Qc8 24. f4 a6 25. Ne2 Rxc1 26. Qxc1 Qc2 27. Qxc2 Bxc2 28. Nc3 a5 29. Kf2 g5 30. Ke2 gxf4 31. gxf4 Kg7 32. Kd2 Bb3 33. Bd3 Bh4 34. Ke2 Bf6 35. Kd2 Bh4 36. Bb5 Bf2 37. Ne2 Kg6 38. Nc1 Bc4 39. Bxc4 dxc4 40. a4 Kf5 41. Ke2 Bg1 42. Kf3 Bxh2 43. e4+ Kg6 44. Ne2 Kh5 45. Kg2 Bxf4 46. Nxf4+ Kg4 47. Ne2 Kg5 48. Kg3 f5 49. e5 Kg6 50. Kh4 Kf7 51. Kh5 Ke7 52. Kxh6 Kd7 53. Kg5 Kc6 54. Kf6 Kd5 55. Ke7 f4 56. Nxf4+ Kxd4 57. Kxe6 1-0

[Event "EU Union-ch U13 12th"]
[Site "Mureck"]
[Date "2014.08.02"]
[Round "4"]
[White "Urwyler, Nikash"]
[Black "Tonso, Liina"]
[Result "1-0"]
[WhiteElo "1662"]
[BlackElo "1491"]
[PlyCount "81"]
[EventDate "2014.07.30"]
[EventType "swiss"]
[EventRounds "9"]
[EventCountry "AUT"]
[SourceTitle "CBM 161 Extra"]
[Source "ChessBase"]
[SourceDate "2014.08.29"]
[SourceVersion "1"]
[SourceVersionDate "2014.08.29"]
[SourceQuality "1"]

1. e4 c5 2. Nf3 Nc6 3. Bb5 d6 4. Bxc6+ bxc6 5. d3 g6 6. Nc3 Bg7 7. Bd2 Nf6 8. 0-0 0-0 9. e5 Nd5 10. exd6 exd6 11. Re1 Be6 12. Qc1 Re8 13. Ng5 Bd4 14. Nge4 f5 15. Ng5 Qf6 16. Nxd5 Bxd5 17. c3 f4 18. Rxe8+ Rxe8 19. Bxf4 Be5 20. Nh3 Qe6 21. c4 Bxg2 22. Kxg2 Qg4+ 23. Bg3 Qe2 24. Qd1 Qxb2 25. Bxe5 Qxe5 26. Rb1 Rf8 27. Rb7 Qf5 28. Rxa7 g5 29. Qh5 g4 30. Qxf5 Rxf5 31. Ng1 h5 32. Rc7 h4 33. Rxc6 Rf6 34. a4 Kf7 35. a5 Ke6 36. a6 Rf7 37. Rb6 Ra7 38. Ne2 Ke5 39. Nc3 Kf4 40. Nb5 h3+ 41. Kf1 1-0